Spieler anhand Vereinshistorie erraten - Statistiken

Allgemein
  • Dieses Quiz wurde 142 mal gespielt
    141 seit der letzten Aktualisierung
  • Das Durchschnittsergebnis liegt bei 25 aus 50
Antwortstatistiken
Vereine Spieler % Korrekt
AS Monaco Paris Saint-Germain Kylian Mbappé
96%
Sporting Lissabon Manchester United Real Madrid Juventus Turin Manchester United Al Nassr Cristiano Ronaldo
95%
Delta Warschau Legia Warschau II Znicz Pruszkow Lech Posen Borussia Dortmund FC Bayern München FC Barcelona Robert Lewandowski
95%
Olympique Lyon Real Madrid Al-Ittihad Karim Benzema
93%
KRC Genk SV Werder Bremen FC Chelsea VfL Wolfsburg Manchester City Kevin de Bruyne
91%
Dinamo Zagreb Zrinjski Mostar Inter Zapresic Dinamo Zagreb Tottenham Hotspur Real Madrid Luka Modric
89%
FC Metz Galatasaray Istanbul Olympique Marseille FC Bayern München AC Florenz US Salernitana Franck Ribéry
86%
FC Bayern München Manchester United Chicago Fire Bastian Schweinsteiger
84%
FC Groningen PSV Eindhoven FC Chelsea Real Madrid FC Bayern München FC Groningen Arjen Robben
82%
FC Everton Manchester United FC Everton D.C. United Derby County Wayne Rooney
80%
FC Sevilla B FC Sevilla Real Madrid Paris Saint-Germain FC Sevilla Sergio Ramos
78%
FC Bayern München II FC Bayern München TSG Hoffenheim FC Bayern München Real Madrid David Alaba
76%
LOSC Lille FC Chelsea Real Madrid Eden Hazard
71%
Preston North End Manchester United Real Madrid AC Mailand LA Galaxy Paris Saint-Germain David Beckham
69%
AS Monaco Juventus Turin FC Arsenal FC Barcelona New York Red Bulls FC Arsenal New York Red Bulls Thierry Henry
67%
CS Maritimo B CS Maritimo FC Porto Real Madrid Besiktas Istanbul FC Porto Pepe
66%
FC Santos FC Barcelona Paris Saint-Germain Al Hilal Neymar
65%
1. FC Nürnberg Broussia Dortmund Manchester City FC Barcelona Ilkay Gündogan
64%
Chemnitzer FC 1. FC Kaiserslautern Bayer 04 Leverkusen FC Bayern München FC Chelsea Bayer 04 Leverkusen Michael Ballack
60%
Real Sociedad Atletico Madrid FC Barcelona Atletico Madrid Antoine Griezmann
59%
Inter Mailand Bari, FC Genua Juventus Turin AC Mailand Juventus Turin 1. FC Union Berlin Fenerbahce Istanbul Leonardo Bonucci
59%
RB Leipzig VfB Stuttgart FC Bayern München Joshua Kimmich
55%
Paris Saint-Germain FC Barcelona AC Mailand Flamengo Atletico Mineiro Queretaro FC Fluminense Ronaldinho
54%
Standard Lüttich Benfica Lissabon Zenit St. Petersburg TJ Tianhai Borussia Dortmund Atletico Madrid Axel Witsel
45%
VfB Stuttgart FC Bayern München AC Florenz Besiktas Istanbul VfL Wolfsburg VfB Stuttgart Mario Gomez
44%
RC Lens Real Madrid Manchester United Raphael Varane
44%
FC Barcelona B FC Barcelona FC Bayern München FC Liverpool Thiago
43%
Shaktar Donezk FC Bayern München Juventus Turin FC Bayern München Gremio LA Galaxy Fluminense Douglas Costa
42%
FC Arsenal FC Barcelona FC Chelsea AS Monaco Como Cesc Fabregas
41%
FC Liverpool LA Galaxy Steven Gerrard
41%
Gimnastic FC Valencia FC Barcelona Inter Miami Jordi Alba
35%
Dinamo Zagreb VfL Wolfsburg FC Bayern München Atletico Madrid Juventus Turin Al-Duhail AC Mailand Mario Mandzukic
35%
FC Basel FC Bayern München Inter Mailand Stoke City FC Liverpool Olympique Lyon Chicago Fire Xherdan Shaqiri
35%
FC Sao Paulo Real Madrid Castilla FC Sao Paulo Real Madrid FC Porto Real Madrid Manchester United Casemiro
34%
AS Cannes Girondins Bordeaux Juventus Turin Real Madrid Zinédine Zidane
34%
FC Barcelona, RCD Mallorca, Real Madrid Inter Mailand Anzhi FC Everton, FC Chelsea Sampdoria Genua Konyaspor, Antalyaspor Qatar SC Samuel Eto'o
33%
Internacional Bayer 04 Leverkusen FC Bayern München Inter Mailand Juventus Turin FC Sao Paulo Palmeiras Lúcio
32%
VfB Stuttgart Real Madrid Juventus Turin Hertha BSC Sami Khedira
32%
Juventude FC Porto Dynamo Moskau Fluminense AC Mailand Paris Saint-Germain FC Chelsea Thiago Silva
32%
FC Bayern München VfB Stuttgart FC Bayern München Philipp Lahm
31%
LOSC Lille R Charleroi SC Standard Lüttich Borussia Mönchen-gladbach FC Bayern München VfL Wolfsburg OGC Nizza Dante
28%
GD Ribeirao Rio Ave Benfica Lissabon Manchester City Ederson
23%
Ajax Amsterdam II Ajax Amsterdam Real Madrid Inter Mailand Galatasaray Istanbul OGC Nizza Al-Gharafa FC Wesley Sneijder
23%
FC Bayern München FC Schalke 04 VfB Stuttgart FC Luzern Holger Badstuber
21%
Olympique Marseille FC Chelsea SH Shenhua Galatasaray Istanbul FC Chelsea FC Montreal Phoenix Rising Didier Drogba
20%
Udinese Calcio FC Barcelona FC Arsenal Manchester United Inter Mailand Olympique Marseille Inter Mailand Alexis Sanchez
19%
Atletico-PR FC Santos CD Maldonado FC Porto Juventus Turin Alex Sandro
15%
AS Livorno AC Florenz Juventus Turin Los Angeles FC Giorgio Chiellini
11%
Calcio Monza OGC Nizza AS Monaco Manchester United Juventus Turin Olympique Marseille West Ham United Patrice Evra
9%
Olympique Lyon Real Madrid FC Chelsea AC Mailand Panathinaikos Athen PERSIB FK Sabail Michael Essien
6%
Keine übereinstimmenden Quizze gefunden
Verteilung der Resultate
Anzahl Personen mit jedem Resultat
Perzentil nach korrekt beantworteten Fragen
Ihre Resultats-Entwicklung
Sie haben dieses Quiz seit der letzten Aktualisierung nicht gespielt